Shrinking Cities in Oklahoma - Statistics

General Stats
  • This quiz has been taken 16 times
  • The average score is 4 of 10
Answer Stats
Population Growth Rate (%) City % Correct
90,381 -6.9 Lawton
100%
36,878 -6.0 Muskogee
64%
18,729 -5.3 Altus
36%
12,969 -4.6 Miami
36%
22,692 -3.1 Duncan
29%
18,171 -1.3 McAlester
29%
11,561 -1.3 Elk City
21%
11,322 -9.8 Okmulgee
21%
24,424 -3.9 Ponca City
14%
16,481 -1.8 Ada
7%
No matching quizzes found
Score Distribution
Percent of People with Each Score
Percentile by Number Answered
Your Score History
You have not taken this quiz